Composite structures of steel and concrete / (Record no. 546766)
[ view plain ]
| 000 -LEADER | |
|---|---|
| fixed length control field | 00665cam a2200205 i 4500 |
| 020 ## - INTERNATIONAL STANDARD BOOK NUMBER | |
| International Standard Book Number | 0470444975 |
| 082 00 - DEWEY DECIMAL CLASSIFICATION NUMBER | |
| Classification number | 624.1772 |
| Author Mark | JOH |
| -- | L-20, p-209 |
| 100 1# - MAIN ENTRY--PERSONAL NAME | |
| Personal name | Johnson, R. P. |
| 9 (RLIN) | 42960 |
| 245 10 - TITLE STATEMENT | |
| Title | Composite structures of steel and concrete / |
| Statement of responsibility, etc. | R. P. Johnson. |
| 260 ## - PUBLICATION, DISTRIBUTION, ETC. | |
| Place of publication, distribution, etc. | New York : |
| Name of publisher, distributor, etc. | Wiley, |
| Date of publication, distribution, etc. | [c1975- |
| 300 ## - PHYSICAL DESCRIPTION | |
| Extent | v. : |
| Other physical details | ill. ; |
| Dimensions | 25 cm. |
| 490 0# - SERIES STATEMENT | |
| Series statement | Constrado monographs |
| 500 ## - GENERAL NOTE | |
| General note | "A Halsted Press book." |
| 505 1# - FORMATTED CONTENTS NOTE | |
| Formatted contents note | v. 1. Beams, columns, frames and applications in building. |
| 526 ## - STUDY PROGRAM INFORMATION NOTE | |
| Program name | 0 |
| Interest level | 0 |
| Reading level | 0 |
| Title point value | 624_177200000000000_JOH |
| 526 ## - STUDY PROGRAM INFORMATION NOTE | |
| Program name | 0 |
| Interest level | 0 |
| Reading level | 0 |
| Title point value | 624_177200000000000_JOH |
| 650 #0 - SUBJECT ADDED ENTRY--TOPICAL TERM | |
| Topical term or geographic name entry element | Composite construction. |
| 650 #0 - SUBJECT ADDED ENTRY--TOPICAL TERM | |
| Topical term or geographic name entry element | MCE |
| 9 (RLIN) | 379 |
| 942 ## - ADDED ENTRY ELEMENTS (KOHA) | |
| Source of classification or shelving scheme | |
| Koha item type | Book |
| Withdrawn status | Lost status | Source of classification or shelving scheme | Damaged status | Not for loan | Permanent Location | Current Location | Date acquired | Total Checkouts | Full call number | Barcode | Date last seen | Price effective from | Koha item type |
|---|---|---|---|---|---|---|---|---|---|---|---|---|---|
| Military College of Engineering (MCE) | Military College of Engineering (MCE) | 06/18/2014 | 624.1772 JOH | MCE-28459 | 06/18/2014 | 06/18/2014 | Book | ||||||
| Military College of Engineering (MCE) | Military College of Engineering (MCE) | 06/20/2014 | 624.1772 JOH | MCE-24363 | 06/20/2014 | 06/20/2014 | Book |
